Suivez-vous attentivement les JO ? Médailles du 1er août - Statistiques

Statistiques générales
  • Ce quiz a été pris 11 fois
  • Le résultat moyen est 39 sur 50
Statistiques - réponses
Sport Date Discipline Pays France % Correct
Athlétisme 1er août Or F - 20 Km marche Chine France 15e
100%
Natation 1er août Bronze F - 4X200 M nage libre Chine
100%
Aviron 1er août Or H - Quatre sans barreur Etats-Unis Pas de Français en finale
100%
Escrime 1er août Or F - Fleuret par équipes Etats-Unis France 5e
100%
Gymnastique artistique 1er août Or F - Concours général individuel Etats-Unis Pas de Française en finale
100%
Gymnastique artistique 1er août Bronze F - Concours général individuel Etats-Unis
100%
Natation 1er août Or F - 200 M Brasse Etats-Unis Pas de Française en finale
100%
Natation 1er août Argent F - 200 M Papillon Etats-Unis
100%
Natation 1er août Argent F - 4X200 M nage libre Etats-Unis
100%
Canoë-Kayak 1er août Argent H - K1 France
100%
Escrime 1er août Bronze F - Fleuret par équipes Japon
100%
Judo 1er août Or H - Moins de 100 kilos Azerbaïdjan Pas de Français en finale
88%
Athlétisme 1er août Argent H - 20 Km marche Brésil
88%
Gymnastique artistique 1er août Argent F - Concours général individuel Brésil
88%
Judo 1er août Bronze H - Moins de 78 kilos Chine
88%
Natation 1er août Bronze F - 200 M Papillon Chine
88%
Tir 1er août Or H - Carabine 3 positions 50 M Chine France 6e
88%
Athlétisme 1er août Argent F - 20 Km marche Espagne
88%
Athlétisme 1er août Bronze H - 20 Km marche Espagne
88%
Canoë-Kayak 1er août Bronze H - K1 Espagne
88%
Canoë-Kayak 1er août Or H - K1 Italie
88%
Escrime 1er août Argent F - Fleuret par équipes Italie
88%
Aviron 1er août Argent H - Deux de couple Pays-Bas
88%
Aviron 1er août Or F - Quatre sans barreur Pays-Bas Pas de Françaises en finale
88%
Aviron 1er août Bronze H - Quatre sans barreur Royaume-Uni
88%
Aviron 1er août Bronze F - Deux de couple Royaume-Uni
88%
Aviron 1er août Argent F - Quatre sans barreur Royaume-Uni
88%
Athlétisme 1er août Bronze F - 20 Km marche Australie
75%
Natation 1er août Or F - 4X200 M nage libre Australie Pas de Française en finale
75%
Natation 1er août Or F - 200 M Papillon Canada Pas de Française en finale
75%
Aviron 1er août Bronze H - Deux de couple Irlande
75%
Judo 1er août Or F - Moins de 78 kilos Italie Pas de Française en finale
75%
Natation 1er août Bronze F - 200 M Brasse Pays-Bas
75%
Judo 1er août Argent H - Moins de 100 kilos Géorgie
63%
Natation 1er août Argent H - 200 M dos Grèce
63%
Aviron 1er août Argent H - Quatre sans barreur Nouvelle-Zélande
63%
Aviron 1er août Or F - Deux de couple Nouvelle-Zélande France 5e
63%
Aviron 1er août Bronze F - Quatre sans barreur Nouvelle-Zélande
63%
Judo 1er août Bronze H - Moins de 100 kilos Ouzbékistan
63%
Judo 1er août Bronze F - Moins de 78 kilos Portugal
63%
Natation 1er août Bronze H - 200 M dos Suisse
63%
Natation 1er août Argent F - 200 M Brasse Afrique-du-Sud
50%
Natation 1er août Or H - 200 M dos Hongrie France 4e
50%
Tir 1er août Bronze H - Carabine 3 positions 50 M Inde
50%
Aviron 1er août Or H - Deux de couple Roumanie Pas de Français en finale
50%
Aviron 1er août Argent F - Deux de couple Roumanie
50%
Athlétisme 1er août Or H - 20 Km marche Equateur France 9e
38%
Judo 1er août Bronze H - Moins de 100 kilos Israël
38%
Judo 1er août Argent F - Moins de 78 kilos Israël
38%
Tir 1er août Argent H - Carabine 3 positions 50 M Ukraine
38%
Aucun quiz correspondant
Distribution des résultats
% des personnes avec chaque résultat
Percentile par nombre de réponses
Votre historique - résultats
Vous n’avez pas pris ce quiz